[Event "19th 4NCL Congress"]
[Site "Telford"]
[Date "2018.07.13"]
[Round "1"]
[Board "1"]
[White "Clanchy, Nicholas"]
[Black "Alizada, Eldar A"]
[Result "1-0"]
[WhiteElo "1877"]
[BlackElo "1997"]
[PlyCount "51"]
[EventDate "2018.07.13"]
[EventRounds "5"]
[EventCountry "ENG"]

1. Nf3 d5 2. d4 Nf6 3. e3 c5 4. c4 cxd4 5. exd4 e6 6. Nc3 Be7 7. Be2 O-O 8. O-O
Nc6 9. Be3 b6 10. cxd5 Nxd5 11. Rc1 Nxe3 12. fxe3 Bb7 13. Qa4 a6 14. Rcd1 b5
15. Qc2 Rc8 16. Bd3 g6 17. Qe2 Nb4 18. Bb1 Qb6 19. Ne5 Rc7 20. Rf2 f5 21. e4
Nc6 22. Nxc6 Bxc6 23. exf5 Bd7 24. fxg6 hxg6 25. Bxg6 Rxf2 26. Qxf2  1-0

[Event "19th 4NCL Congress"]
[Site "Telford"]
[Date "2018.07.13"]
[Round "1"]
[Board "2"]
[White "Zabrocki, Philip Am"]
[Black "Cawston, M John"]
[Result "1-0"]
[WhiteElo "1981"]
[BlackElo "1866"]
[PlyCount "81"]
[EventDate "2018.07.13"]
[EventRounds "5"]
[EventCountry "ENG"]

1. e4 c5 2. Be2 e6 3. f4 d5 4. d3 dxe4 5. dxe4 Qxd1+ 6. Bxd1 Bd7 7. Nc3 Bc6 8.
Bf3 Nd7 9. a4 a6 10. a5 Ngf6 11. Nge2 Be7 12. O-O O-O 13. Rd1 e5 14. f5 Rfd8
15. g4 Nf8 16. Bg5 Rxd1+ 17. Rxd1 Rd8 18. Nd5 Bxd5 19. Bxf6 Bxf6 20. exd5 e4
21. Bxe4 Bxb2 22. Rb1 Re8 23. Bf3 Bf6 24. Rxb7 c4 25. Kf1 Re3 26. Kf2 Re7 27.
d6 Rd7 28. Bd5 Rxd6 29. Bxf7+ Kh8 30. Bxc4 Nd7 31. Be6 Nc5 32. Rb8+ Rd8 33. Rb6
h6 34. Kf3 Be5 35. Nf4 Bc7 36. Rc6 Bxf4 37. Kxf4 Rd4+ 38. Kf3 Nd7 39. Rc8+ Kh7
40. Bg8+ Kh8 41. Bf7+  1-0

[Event "19th 4NCL Congress"]
[Site "Telford"]
[Date "2018.07.13"]
[Round "1"]
[Board "3"]
[White "Lewis, Christopher D"]
[Black "Shepley, Julien M"]
[Result "1-0"]
[WhiteElo "1856"]
[BlackElo "1974"]
[PlyCount "81"]
[EventDate "2018.07.13"]
[EventRounds "5"]
[EventCountry "ENG"]

1. e4 d5 2. exd5 Qxd5 3. Nc3 Qd6 4. Nf3 Nf6 5. d4 c6 6. Bc4 Bg4 7. Be3 e6 8. h3
Bxf3 9. Qxf3 Be7 10. a3 Nbd7 11. O-O Nb6 12. Bd3 h6 13. Rfd1 g5 14. Ne2 Rg8 15.
c4 Nbd7 16. Rac1 Qc7 17. Nc3 O-O-O 18. d5 Ne5 19. Qe2 Nxd3 20. Rxd3 g4 21. hxg4
Nxg4 22. g3 Nxe3 23. Rxe3 Bg5 24. Ne4 Bxe3 25. Qxe3 exd5 26. cxd5 Rxd5 27. Qxa7
Rgd8 28. Kg2 f5 29. Nc5 Re8 30. Rc4 Re2 31. Rb4 Rdd2 32. Rf4 Rxb2 33. Rxf5 Re8
34. a4 Rb1 35. Rf6 Qd8 36. Qa8+ Kc7 37. Rf7+ Kd6 38. Nxb7+ Rxb7 39. Qxb7 Ke6
40. Rf3 Qd5 41. Qf7+  1-0

[Event "19th 4NCL Congress"]
[Site "Telford"]
[Date "2018.07.13"]
[Round "1"]
[Board "4"]
[White "Bryant, Richard Be"]
[Black "Murphy, Ross"]
[Result "1-0"]
[WhiteElo "1944"]
[BlackElo "1825"]
[PlyCount "147"]
[EventDate "2018.07.13"]
[EventRounds "5"]
[EventCountry "ENG"]

1. e4 Nf6 2. Nc3 e5 3. g3 Bc5 4. Bg2 d6 5. d3 Nc6 6. Nge2 Be6 7. Nd5 h6 8. c3
a5 9. O-O Bxd5 10. exd5 Ne7 11. d4 exd4 12. cxd4 Bb6 13. Nc3 O-O 14. Bf4 Re8
15. Qd3 Ng6 16. Bd2 Qd7 17. Rad1 Re7 18. Rfe1 Rae8 19. Rxe7 Rxe7 20. b3 Qg4 21.
Be3 Qd7 22. Qf1 Qe8 23. Qd3 Qd7 24. h3 Qe8 25. Bd2 Qd7 26. Na4 Ba7 27. Bxa5 Qe8
28. Bd2 Ne4 29. Bc1 Nf6 30. Nc3 Re1+ 31. Kh2 Rxd1 32. Qxd1 Qe7 33. Be3 Bb6 34.
b4 Kf8 35. a4 Qd7 36. Qf3 Kg8 37. Nb5 Ne7 38. Nc3 Nf5 39. Qd1 Qe8 40. Qd3 Ne7
41. a5 Ba7 42. b5 Qd7 43. Qc4 Nc8 44. f3 g5 45. Ne4 Nxe4 46. fxe4 Ne7 47. Bf3
Ng6 48. Bg4 Qe7 49. Bf5 Kg7 50. Qb3 Qd8 51. Qd3 Ne7 52. Bg4 Ng6 53. Kg2 Qe8 54.
Bd1 Qe7 55. Bc2 Qe8 56. Qb3 Qd8 57. Bf2 Qe7 58. b6 Bb8 59. Qc3 Qd8 60. bxc7
Qxc7 61. Qxc7 Bxc7 62. Be1 Nf8 63. Bc3 Nd7 64. Kf3 Bd8 65. e5 Bc7 66. Bf5 Nb8
67. Bc8 Kg6 68. Bxb7 Nd7 69. e6 Nf6 70. e7 Kf5 71. Bc6 h5 72. a6 Ne8 73. Bxe8
Kf6 74. Ba5  1-0

[Event "19th 4NCL Congress"]
[Site "Telford"]
[Date "2018.07.13"]
[Round "1"]
[Board "5"]
[White "Bowman, Richard L"]
[Black "Jamieson, Ian M"]
[Result "0-1"]
[WhiteElo "1822"]
[BlackElo "1944"]
[PlyCount "86"]
[EventDate "2018.07.13"]
[EventRounds "5"]
[EventCountry "ENG"]

1. d4 e6 2. Nd2 c5 3. e3 d5 4. c3 Nf6 5. Bd3 Nc6 6. f4 b6 7. Ngf3 Bb7 8. Qe2 g6
9. b3 Bg7 10. Bb2 O-O 11. h4 cxd4 12. h5 dxc3 13. Bxc3 d4 14. exd4 Nd5 15. Rc1
Nxf4 16. Qf1 Nxd3+ 17. Qxd3 Qd5 18. hxg6 hxg6 19. Bb2 e5 20. Ng5 Qxg2 21. Qh3
Qxh3 22. Rxh3 exd4 23. Ba3 Rfe8+ 24. Kf2 Rad8 25. Nc4 Bf8 26. Bxf8 Rxf8 27.
Rch1 Na5 28. R1h2 Nxc4 29. bxc4 Kg7 30. Rh7+ Kf6 31. Nf3 Bxf3 32. Kxf3 Rc8 33.
Ke4 Rxc4 34. Kd3 Ra4 35. Rf2+ Ke6 36. Re2+ Kd5 37. Rb2 Ra3+ 38. Kd2 Kc4 39. Rh4
f5 40. Rh7 f4 41. Rc7+ Kd5 42. Rd7+ Ke4 43. Re7+ Kf3  0-1

[Event "19th 4NCL Congress"]
[Site "Telford"]
[Date "2018.07.13"]
[Round "1"]
[Board "6"]
[White "Darwen, David"]
[Black "Stephenson, David W"]
[Result "1-0"]
[WhiteElo "1937"]
[BlackElo "1817"]
[PlyCount "51"]
[EventDate "2018.07.13"]
[EventRounds "5"]
[EventCountry "ENG"]

1. d4 e6 2. Bf4 f5 3. e3 Nf6 4. Nf3 Be7 5. Nbd2 O-O 6. h3 b6 7. c3 Bb7 8. Bd3
Ne4 9. Qc2 d5 10. Ne5 Nd7 11. Ndf3 Ndf6 12. g4 c5 13. O-O-O c4 14. Bxe4 Nxe4
15. Rdg1 b5 16. gxf5 exf5 17. h4 a5 18. Bh6 Bf6 19. Rg2 b4 20. Rhg1 g6 21. h5
bxc3 22. hxg6 cxb2+ 23. Qxb2 Qe7 24. gxh7+ Kxh7 25. Bxf8 Qxf8 26. Qxb7+  1-0

[Event "19th 4NCL Congress"]
[Site "Telford"]
[Date "2018.07.13"]
[Round "1"]
[Board "7"]
[White "Potter, Steven"]
[Black "Bennett, Dominic L"]
[Result "0-1"]
[WhiteElo "1799"]
[BlackElo "1926"]
[PlyCount "86"]
[EventDate "2018.07.13"]
[EventRounds "5"]
[EventCountry "ENG"]

1. d4 e6 2. Nf3 c5 3. Bg5 Qb6 4. d5 h6 5. Bc1 exd5 6. Qxd5 Nf6 7. Qb3 d5 8.
Qxb6 axb6 9. b3 Nc6 10. c3 Be7 11. g3 Bf5 12. Nbd2 Ne4 13. Bb2 Bf6 14. Nxe4
Bxe4 15. Bg2 d4 16. cxd4 Nxd4 17. Bxd4 Bxd4 18. Nxd4 Bxg2 19. Rg1 Bd5 20. Nb5
O-O-O 21. f3 Rd7 22. e4 Bc6 23. Na7+ Kc7 24. Nxc6 Kxc6 25. Ke2 b5 26. Rgd1 Rhd8
27. Rxd7 Rxd7 28. Rc1 b6 29. Rc2 Rd4 30. Rd2 Rxd2+ 31. Kxd2 b4 32. Kd3 b5 33.
f4 h5 34. h3 Kd6 35. g4 hxg4 36. hxg4 g5 37. e5+ Kd5 38. e6 Kxe6 39. f5+ Ke5
40. Ke3 c4 41. Kf3 Kd4 42. Ke2 Kc3 43. Kd1 Kb2  0-1

[Event "19th 4NCL Congress"]
[Site "Telford"]
[Date "2018.07.13"]
[Round "1"]
[Board "8"]
[White "Herring, Sam Ac"]
[Black "Goodfellow, Russell R"]
[Result "1-0"]
[WhiteElo "1913"]
[BlackElo "1766"]
[PlyCount "59"]
[EventDate "2018.07.13"]
[EventRounds "5"]
[EventCountry "ENG"]

1. d4 f5 2. Bg5 g6 3. Nc3 Bg7 4. h4 h6 5. Bf4 Nc6 6. e3 d6 7. Nf3 e6 8. Bc4 Qf6
9. Bh2 a6 10. a4 Nge7 11. Qe2 O-O 12. O-O-O Rb8 13. Rhe1 Bd7 14. e4 fxe4 15.
Nxe4 Qf5 16. Nc3 Nd8 17. Kb1 Qg4 18. Rd3 b5 19. axb5 axb5 20. Bb3 b4 21. Ne4
Bb5 22. d5 Bxd3 23. Qxd3 Qxg2 24. Ned2 Nxd5 25. Bxd5 exd5 26. Qxd5+ Kh7 27.
Ng5+ Qxg5 28. hxg5 Rf5 29. Qc4 Rxf2 30. Qxc7  1-0

[Event "19th 4NCL Congress"]
[Site "Telford"]
[Date "2018.07.13"]
[Round "1"]
[Board "9"]
[White "Hughes, Peter"]
[Black "Whitehead, Mark A"]
[Result "1/2-1/2"]
[WhiteElo "1766"]
[BlackElo "1913"]
[PlyCount "83"]
[EventDate "2018.07.13"]
[EventRounds "5"]
[EventCountry "ENG"]

1. d4 Nf6 2. c4 e6 3. Nc3 Bb4 4. e3 b6 5. Nge2 Ba6 6. a3 Be7 7. Nf4 O-O 8. Bd3
d5 9. cxd5 Bxd3 10. Qxd3 exd5 11. O-O Qd7 12. Rd1 Nc6 13. b4 Rad8 14. Bb2 Rfe8
15. Rac1 a5 16. b5 Na7 17. Rc2 g5 18. Nfe2 Bd6 19. Rdc1 Ne4 20. f3 Nxc3 21.
Nxc3 Qe6 22. e4 Bf4 23. Nxd5 Rxd5 24. exd5 Qxd5 25. Rd1 Nxb5 26. Re2 Rd8 27. a4
Na7 28. g3 Bd6 29. Rde1 Nc6 30. Re8+ Rxe8 31. Rxe8+ Kg7 32. Qe4 Qxe4 33. fxe4
f6 34. d5 Ne5 35. Bxe5 Bxe5 36. Kf2 h5 37. h3 h4 38. gxh4 gxh4 39. Kf3 Kf7 40.
Re6 Bd6 41. Ke3 Be5 42. Kf3  1/2-1/2

[Event "19th 4NCL Congress"]
[Site "Telford"]
[Date "2018.07.13"]
[Round "1"]
[Board "10"]
[White "Paul, Nathanael"]
[Black "Tarr, Steve F"]
[Result "1/2-1/2"]
[WhiteElo "1907"]
[BlackElo "1757"]
[PlyCount "77"]
[EventDate "2018.07.13"]
[EventRounds "5"]
[EventCountry "ENG"]

1. e4 c5 2. Nc3 g6 3. g3 Nc6 4. Bg2 Bg7 5. d3 Nf6 6. Nh3 O-O 7. O-O Rb8 8. f4
d6 9. Nf2 Nd4 10. h3 b5 11. a3 Qa5 12. Bd2 Qc7 13. g4 b4 14. g5 bxc3 15. gxf6
cxd2 16. fxg7 Kxg7 17. b3 Qa5 18. Ng4 Bxg4 19. hxg4 Qc3 20. Ra2 Nb5 21. Qa1 e5
22. fxe5 dxe5 23. Kh2 Qd4 24. Qxd4 cxd4 25. Bf3 Rfc8 26. Rf2 Nc3 27. Ra1 d1=Q
28. Bxd1 Nxd1 29. Rxd1 Rc3 30. Kg3 Rbc8 31. Rdd2 a5 32. a4 R8c6 33. g5 f6 34.
gxf6+ Rxf6 35. Rxf6 Kxf6 36. Rh2 Kg7 37. Kg4 Rc7 38. Rf2 Rc3 39. Rh2  1/2-1/2

[Event "19th 4NCL Congress"]
[Site "Telford"]
[Date "2018.07.13"]
[Round "1"]
[Board "11"]
[White "Lovell, William Pm"]
[Black "Heald, Carl"]
[Result "1/2-1/2"]
[WhiteElo "1737"]
[BlackElo "1895"]
[PlyCount "31"]
[EventDate "2018.07.13"]
[EventRounds "5"]
[EventCountry "ENG"]

1. c4 e5 2. g3 Nf6 3. Nc3 Bc5 4. Bg2 O-O 5. e3 c6 6. Nge2 d5 7. cxd5 cxd5 8. d4
exd4 9. exd4 Bb4 10. O-O Nc6 11. Bg5 Bg4 12. h3 Bxe2 13. Nxe2 Be7 14. Qb3 Qb6
15. Qxb6 axb6 16. Bxf6  1/2-1/2

[Event "19th 4NCL Congress"]
[Site "Telford"]
[Date "2018.07.13"]
[Round "1"]
[Board "12"]
[White "Pink, Joshua"]
[Black "See, Tristian"]
[Result "1/2-1/2"]
[WhiteElo "1891"]
[BlackElo "1734"]
[PlyCount "45"]
[EventDate "2018.07.13"]
[EventRounds "5"]
[EventCountry "ENG"]

1. e4 c5 2. Nf3 Nc6 3. d4 cxd4 4. Nxd4 Nf6 5. Nc3 d6 6. Nxc6 bxc6 7. e5 dxe5 8.
Qxd8+ Kxd8 9. Bc4 e6 10. Bg5 Be7 11. O-O-O+ Nd5 12. Ne4 Bxg5+ 13. Nxg5 Ke7 14.
Rhe1 f6 15. Ne4 Rd8 16. Nc5 g5 17. h4 g4 18. Bb3 Bd7 19. Ba4 Rac8 20. Nb7 Rf8
21. Nc5 Rfd8 22. Nb7 Rf8 23. Nc5  1/2-1/2

[Event "19th 4NCL Congress"]
[Site "Telford"]
[Date "2018.07.13"]
[Round "1"]
[Board "13"]
[White "Rushbrooke, Tibo"]
[Black "Zdanowski, Adrian"]
[Result "1-0"]
[WhiteElo "1576"]
[BlackElo "1882"]
[PlyCount "133"]
[EventDate "2018.07.13"]
[EventRounds "5"]
[EventCountry "ENG"]

1. e4 g6 2. f4 Bg7 3. Nf3 d6 4. Bc4 Nf6 5. d3 Nbd7 6. e5 dxe5 7. fxe5 Ng4 8.
Bxf7+ Kxf7 9. e6+ Ke8 10. exd7+ Qxd7 11. Nc3 Rf8 12. h3 Ne5 13. O-O b6 14. Nxe5
Qd4+ 15. Kh1 Rxf1+ 16. Qxf1 Bxe5 17. Bg5 Bb7 18. Re1 h6 19. Nb5 Qd7 20. Rxe5
hxg5 21. Qe2 a6 22. Nc3 Qxh3+ 23. Kg1 Qd7 24. Ne4 Qd4+ 25. Nf2 Qd6 26. Re6 Qd7
27. Rxg6 Qf5 28. Re6 Qf7 29. Ng4 Bd5 30. Nf6+ Kf8 31. Nxd5 Rd8 32. Qe5 Qg7 33.
Nxe7 Qxe5 34. Rxe5 g4 35. Ng6+ Kf7 36. Nf4 Kf6 37. Re3 Kf5 38. Ne2 c5 39. Kf2
Rh8 40. Kg3 Rh1 41. Re4 Rb1 42. Rf4+ Ke5 43. Kxg4 Rxb2 44. Re4+ Kf6 45. Nc3
Rxc2 46. Nd5+ Kf7 47. g3 Rxa2 48. Kf5 Rf2+ 49. Nf4 b5 50. Re6 a5 51. Ra6 a4 52.
Ra7+ Ke8 53. Ra5 Rb2 54. Ke6 Kd8 55. Kd6 Kc8 56. Kxc5 Kb8 57. Nd5 Rc2+ 58. Kxb5
Rg2 59. Rxa4 Rxg3 60. d4 Rg5 61. Kc6 Rg6+ 62. Kd7 Kb7 63. Rb4+ Ka7 64. Ne7 Rg7
65. d5 Rh7 66. d6 Rh8 67. Kc7  1-0

[Event "19th 4NCL Congress"]
[Site "Telford"]
[Date "2018.07.14"]
[Round "2"]
[Board "1"]
[White "Herring, Sam Ac"]
[Black "Zabrocki, Philip Am"]
[Result "1/2-1/2"]
[WhiteElo "1913"]
[BlackElo "1981"]
[PlyCount "50"]
[EventDate "2018.07.13"]
[EventRounds "5"]
[EventCountry "ENG"]

1. e4 e6 2. d4 d5 3. Nd2 Nf6 4. e5 Nfd7 5. Bd3 c5 6. c3 Nc6 7. Ne2 cxd4 8. cxd4
f6 9. exf6 Nxf6 10. Nf3 Bd6 11. O-O Qc7 12. h3 O-O 13. Be3 Bd7 14. Re1 Rae8 15.
Rc1 Qb8 16. a3 e5 17. dxe5 Nxe5 18. Nxe5 Bxe5 19. Bd4 Bxd4 20. Nxd4 Rxe1+ 21.
Qxe1 Re8 22. Qd2 Qe5 23. Bb1 Ne4 24. Qe3 Qf6 25. Ba2 Bc6  1/2-1/2

[Event "19th 4NCL Congress"]
[Site "Telford"]
[Date "2018.07.14"]
[Round "2"]
[Board "2"]
[White "Clanchy, Nicholas"]
[Black "Bryant, Richard Be"]
[Result "1-0"]
[WhiteElo "1877"]
[BlackElo "1944"]
[PlyCount "87"]
[EventDate "2018.07.13"]
[EventRounds "5"]
[EventCountry "ENG"]

1. Nf3 f5 2. d3 d5 3. g3 Nc6 4. Bg2 e5 5. c4 d4 6. O-O Be7 7. e3 Nf6 8. exd4
exd4 9. b3 O-O 10. Na3 Nb4 11. Nc2 Nxc2 12. Qxc2 c5 13. a3 a5 14. Rb1 Ra6 15.
Bd2 Bd6 16. b4 b6 17. Rfe1 Qc7 18. bxa5 bxa5 19. Ng5 f4 20. Ne6 Bxe6 21. Rxe6
Qf7 22. Rxd6 Rxd6 23. Bxf4 Re6 24. Qd2 Qe7 25. Qxa5 Kh8 26. Rf1 Nh5 27. Bc1 g5
28. h3 h6 29. a4 Nf6 30. Ba3 Nd7 31. Qc7 Re1 32. Be4 Qf6 33. f3 Rxf1+ 34. Kxf1
Qe6 35. Kg2 Rb8 36. Bxc5 Rb2+ 37. Kg1 Rb1+ 38. Kf2 Rb2+ 39. Ke1 Rb1+ 40. Kd2
Qxh3 41. Bxd4+ Kg8 42. Qd8+ Kf7 43. Bd5+ Kg6 44. Qe8+  1-0

[Event "19th 4NCL Congress"]
[Site "Telford"]
[Date "2018.07.14"]
[Round "2"]
[Board "3"]
[White "Jamieson, Ian M"]
[Black "Lewis, Christopher D"]
[Result "0-1"]
[WhiteElo "1944"]
[BlackElo "1856"]
[PlyCount "78"]
[EventDate "2018.07.13"]
[EventRounds "5"]
[EventCountry "ENG"]

1. d4 d5 2. Nf3 Nf6 3. e3 e6 4. Bd3 Nbd7 5. b3 Be7 6. Bb2 O-O 7. O-O a6 8. Nbd2
b6 9. Ne5 Bb7 10. f4 Ne4 11. c4 f5 12. Ndf3 Nxe5 13. Nxe5 a5 14. Rc1 a4 15.
cxd5 a3 16. Ba1 Bxd5 17. Bc4 c5 18. Qe2 Nf6 19. Rfd1 Qc7 20. Bc3 Qb7 21. Be1
Rfd8 22. Bh4 Rab8 23. Bb5 Bd6 24. h3 Ra8 25. Kh2 Rf8 26. Rg1 Ra5 27. Be1 Ra7
28. g4 fxg4 29. hxg4 Bxe5 30. dxe5 Bf3 31. Qc4 Nxg4+ 32. Kg3 Bd5 33. Qe2 Nxe5
34. fxe5 Rf3+ 35. Kh2 Qf7 36. Bh4 Qh5 37. Qe1 Raf7 38. e4 Rf2+ 39. Kh3 R7f3+
 0-1

[Event "19th 4NCL Congress"]
[Site "Telford"]
[Date "2018.07.14"]
[Round "2"]
[Board "4"]
[White "Llewellyn, Alan M"]
[Black "Darwen, David"]
[Result "0-1"]
[WhiteElo "1461"]
[BlackElo "1937"]
[PlyCount "26"]
[EventDate "2018.07.13"]
[EventRounds "5"]
[EventCountry "ENG"]

1. c4 c6 2. Nc3 d5 3. e3 Nf6 4. d4 Bf5 5. cxd5 cxd5 6. Bb5+ Nc6 7. Nf3 e6 8.
Ne5 Rc8 9. Qa4 Qb6 10. Bd2 Bd6 11. Nxd5 Nxd5 12. Ba5 Qxa5+ 13. Qxa5 Bb4+  0-1

[Event "19th 4NCL Congress"]
[Site "Telford"]
[Date "2018.07.14"]
[Round "2"]
[Board "5"]
[White "Bennett, Dominic L"]
[Black "Rushbrooke, Tibo"]
[Result "1/2-1/2"]
[WhiteElo "1926"]
[BlackElo "1576"]
[PlyCount "40"]
[EventDate "2018.07.13"]
[EventRounds "5"]
[EventCountry "ENG"]

1. c4 f5 2. Nc3 Nf6 3. d4 e6 4. Nf3 Be7 5. Bf4 O-O 6. e3 d6 7. Qc2 a5 8. h3 Qe8
9. Nb5 Na6 10. Bh2 Ne4 11. a3 c6 12. Nc3 d5 13. c5 Kh8 14. Be2 g5 15. Nxe4 fxe4
16. Ne5 Nb8 17. Qd1 Bd8 18. Bh5 Qe7 19. Ng4 Bc7 20. O-O Bxh2+  1/2-1/2

[Event "19th 4NCL Congress"]
[Site "Telford"]
[Date "2018.07.14"]
[Round "2"]
[Board "6"]
[White "Gardiner, Eric D"]
[Black "Lovell, William Pm"]
[Result "1/2-1/2"]
[WhiteElo "1939"]
[BlackElo "1737"]
[PlyCount "38"]
[EventDate "2018.07.13"]
[EventRounds "5"]
[EventCountry "ENG"]

1. d4 d5 2. c4 dxc4 3. Nf3 Nf6 4. e3 e6 5. Bxc4 a6 6. O-O b5 7. Bd3 Bb7 8. a4
b4 9. Qe2 Nbd7 10. e4 c5 11. Nbd2 Be7 12. Nb3 c4 13. Bxc4 Nxe4 14. Bf4 O-O 15.
Rfd1 Ndf6 16. Nc5 Nxc5 17. dxc5 Qc8 18. Bd6 Re8 19. Rac1 Ne4  1/2-1/2

[Event "19th 4NCL Congress"]
[Site "Telford"]
[Date "2018.07.14"]
[Round "2"]
[Board "7"]
[White "Whitehead, Mark A"]
[Black "Davies, Sam"]
[Result "1-0"]
[WhiteElo "1913"]
[BlackElo "1722"]
[PlyCount "129"]
[EventDate "2018.07.13"]
[EventRounds "5"]
[EventCountry "ENG"]

1. e4 e5 2. Nf3 Nc6 3. Bb5 Nf6 4. d3 d6 5. c3 Bd7 6. O-O Be7 7. Nbd2 O-O 8. Re1
Re8 9. Nf1 h6 10. Ng3 Bf8 11. h3 Ne7 12. Bc4 b5 13. Bb3 c5 14. d4 cxd4 15. cxd4
Nc6 16. d5 Ne7 17. Nh4 Nh7 18. Nf3 Kh8 19. Qd3 Ng6 20. Ne2 Ng5 21. Qe3 Be7 22.
Nxg5 Bxg5 23. Qg3 Bxc1 24. Raxc1 Qg5 25. Rc7 Nf8 26. Qxg5 hxg5 27. g4 Rec8 28.
Rec1 Rxc7 29. Rxc7 a5 30. a3 Rc8 31. Ra7 a4 32. Bd1 g6 33. Nc3 f5 34. f3 Rc4
35. Be2 Rd4 36. Bxb5 Bxb5 37. Nxb5 Rd1+ 38. Kf2 fxe4 39. fxe4 Rd2+ 40. Ke1 Rxb2
41. Nxd6 Rb3 42. Rxa4 Rxh3 43. Nf7+ Kg7 44. Nxg5 Rh1+ 45. Kf2 Kf6 46. Nf3 Nd7
47. Ra6+ Kf7 48. a4 Rb1 49. Ng5+ Kg7 50. Ra7 Kf6 51. Nh7+ Ke7 52. g5 Kd6 53.
Nf6 Rb2+ 54. Kf3 Rb3+ 55. Kg4 Nxf6+ 56. gxf6 Rb4 57. Kg5 Rxe4 58. f7 Rf4 59.
Kxg6 Rg4+ 60. Kh7 Rh4+ 61. Kg7 Rg4+ 62. Kf8 Rb4 63. Ra8 Kxd5 64. Kg7 Rg4+ 65.
Kh6  1-0

[Event "19th 4NCL Congress"]
[Site "Telford"]
[Date "2018.07.14"]
[Round "2"]
[Board "8"]
[White "See, Tristian"]
[Black "Paul, Nathanael"]
[Result "1-0"]
[WhiteElo "1734"]
[BlackElo "1907"]
[PlyCount "131"]
[EventDate "2018.07.13"]
[EventRounds "5"]
[EventCountry "ENG"]

1. e4 c6 2. d4 d5 3. Nc3 dxe4 4. Nxe4 Bf5 5. Ng3 Bg6 6. h4 h6 7. Nf3 Nd7 8. h5
Bh7 9. Bd3 Bxd3 10. Qxd3 Ngf6 11. Bd2 e6 12. O-O-O Be7 13. Ne4 Nxe4 14. Qxe4
Nf6 15. Qd3 Qd5 16. c4 Qe4 17. Qb3 O-O 18. Rde1 Qh7 19. Qxb7 Bd6 20. Qb3 Be7
21. Qc2 Rfd8 22. Qxh7+ Nxh7 23. Bc3 c5 24. dxc5 Bxc5 25. Re2 Nf6 26. Bxf6 gxf6
27. Rd1 Rdc8 28. Nd2 Bd4 29. b3 a5 30. a4 Rab8 31. Kc2 Rc7 32. g3 f5 33. Nf3
Bf6 34. Ne5 Rbb7 35. f4 Kf8 36. Rd3 Ke7 37. Nf3 Bg7 38. Ree3 Bf6 39. Rd5 Ra7
40. Rxf5 Rc6 41. Rd5 Kf8 42. Rdd3 Rcc7 43. Ne5 Ke7 44. Ng4 Bg7 45. Ne5 Kf6 46.
g4 Bf8 47. Nf3 Bg7 48. f5 Bf8 49. fxe6 fxe6 50. Nd4 Ra6 51. Rf3+ Ke7 52. Rde3
Rc8 53. Re4 Kd7 54. Rf6 Re8 55. Nf3 Raa8 56. Ne5+ Kd6 57. Nf7+ Kd7 58. Nxh6
Bxh6 59. Rxh6 Ra6 60. g5 Rf8 61. Rf6 Rxf6 62. gxf6 Ke8 63. h6 Kf7 64. h7 Ra8
65. Rh4 Rh8 66. Rh6  1-0

[Event "19th 4NCL Congress"]
[Site "Telford"]
[Date "2018.07.14"]
[Round "2"]
[Board "9"]
[White "Reed, John S"]
[Black "Bradley, Sam A"]
[Result "1-0"]
[WhiteElo "1900"]
[BlackElo "1712"]
[PlyCount "81"]
[EventDate "2018.07.13"]
[EventRounds "5"]
[EventCountry "ENG"]

1. d4 d5 2. c4 c6 3. Nc3 Nf6 4. Bg5 dxc4 5. a4 Qa5 6. Bd2 Qb6 7. Nf3 Bf5 8. e3
Nbd7 9. Bxc4 e6 10. O-O Be7 11. a5 Qc7 12. h3 O-O 13. Qe2 Bg6 14. Rfc1 Rac8 15.
a6 b6 16. e4 Qb8 17. Bg5 Rfe8 18. Rd1 e5 19. d5 cxd5 20. exd5 Bd6 21. Bb5 Re7
22. Nh4 Nc5 23. Nxg6 hxg6 24. Rac1 Nb3 25. Rb1 Nd4 26. Qd3 Nxb5 27. Qxb5 Rc5
28. Qd3 Qe8 29. Ne4 Nxe4 30. Bxe7 Nxf2 31. Kxf2 Qxe7 32. Rbc1 Qf6+ 33. Qf3
Qxf3+ 34. Kxf3 Kf8 35. Rxc5 bxc5 36. Rd3 Bc7 37. d6 Bb6 38. Ke4 f6 39. Kd5 Kf7
40. Kc6 Ke8 41. Rb3  1-0

[Event "19th 4NCL Congress"]
[Site "Telford"]
[Date "2018.07.14"]
[Round "2"]
[Board "10"]
[White "Heald, Carl"]
[Black "Dunkley, Michael"]
[Result "1/2-1/2"]
[WhiteElo "1895"]
[BlackElo "1704"]
[PlyCount "79"]
[EventDate "2018.07.13"]
[EventRounds "5"]
[EventCountry "ENG"]

1. d4 d5 2. c4 c6 3. Nf3 Nf6 4. Nc3 dxc4 5. a4 Bf5 6. Bg5 Nbd7 7. e3 Qa5 8. Qd2
e6 9. e4 Bg6 10. e5 Nd5 11. Bxc4 Bb4 12. Bxd5 cxd5 13. O-O Rc8 14. Rfc1 O-O 15.
Qe1 Nb6 16. Bd2 Nc4 17. Ra2 Rc6 18. Nb1 Bxd2 19. Nbxd2 Nxd2 20. Nxd2 Rfc8 21.
Raa1 Rc2 22. Rxc2 Rxc2 23. Rc1 Qc7 24. Nb3 Qc4 25. Rxc2 Bxc2 26. Qa5 h6 27. Na1
Bxa4 28. Qc5 Bb5 29. Qxc4 dxc4 30. Nc2 Bc6 31. Ne3 b5 32. Kf1 Kf8 33. Ke1 a5
34. Kd2 Bd5 35. f4 b4 36. g4 g6 37. h4 h5 38. gxh5 gxh5 39. f5 Ke8 40. f6
 1/2-1/2

[Event "19th 4NCL Congress"]
[Site "Telford"]
[Date "2018.07.14"]
[Round "2"]
[Board "11"]
[White "Radford, Mark Sr"]
[Black "Pink, Joshua"]
[Result "1-0"]
[WhiteElo "1667"]
[BlackElo "1891"]
[PlyCount "111"]
[EventDate "2018.07.13"]
[EventRounds "5"]
[EventCountry "ENG"]

1. Nf3 c5 2. c4 Nf6 3. d4 e6 4. e3 cxd4 5. exd4 Bb4+ 6. Bd2 Bxd2+ 7. Qxd2 d5 8.
c5 b6 9. b4 bxc5 10. bxc5 Ne4 11. Qb4 Nc6 12. Bb5 Bd7 13. Qa4 Qc7 14. O-O O-O
15. Bxc6 Bxc6 16. Qc2 Rab8 17. Nbd2 Rb4 18. Rab1 Ba4 19. Nb3 Rfb8 20. Rb2 Rc4
21. Qd3 Rc3 22. Qa6 Bb5 23. Qa5 Qf4 24. Re1 Rc4 25. Qxa7 Ra4 26. Qe7 Re8 27.
Qh4 Qf5 28. Nbd2 Bd3 29. Qe7 Raa8 30. Qc7 Nc3 31. Re5 Qf4 32. Rb7 Rec8 33. Qb6
Rxa2 34. g3 Ra1+ 35. Kg2 Qf6 36. Qb2 Rb1 37. Qxc3 Bf1+ 38. Nxf1 Rxb7 39. N1d2
Rcb8 40. Re1 g5 41. c6 Rc7 42. Ne5 Qe7 43. Nb3 f6 44. Nd3 Rb6 45. Na5 Qd6 46.
Nc5 Re7 47. Ncb7 Qc7 48. Qc5 Rb2 49. Nd6 e5 50. Qxd5+ Kh8 51. dxe5 Qb6 52. Qf3
Qxa5 53. Qxf6+ Kg8 54. Qxe7 Qd5+ 55. Kg1 Qf3 56. Qf6  1-0

[Event "19th 4NCL Congress"]
[Site "Telford"]
[Date "2018.07.14"]
[Round "2"]
[Board "12"]
[White "Robinson, Brian"]
[Black "Hughes, Peter"]
[Result "0-1"]
[WhiteElo "1548"]
[BlackElo "1766"]
[PlyCount "98"]
[EventDate "2018.07.13"]
[EventRounds "5"]
[EventCountry "ENG"]

1. d4 f5 2. Nf3 Nf6 3. e3 g6 4. Be2 Bg7 5. O-O O-O 6. c4 d6 7. Nc3 Nc6 8. Rb1
a5 9. a3 Bd7 10. b4 axb4 11. axb4 e6 12. b5 Ne7 13. Bb2 h6 14. Re1 Qe8 15. Bd3
Qf7 16. Qc2 g5 17. e4 g4 18. Nd2 Nh5 19. e5 Nf4 20. Bf1 dxe5 21. dxe5 Neg6 22.
Ne2 Nxe2+ 23. Rxe2 Qe7 24. Bc3 Rfd8 25. Ree1 Be8 26. Rbd1 Qg5 27. Bd3 h5 28.
Nf1 h4 29. Bd2 Qe7 30. Bc3 Bf7 31. Qb1 Qg5 32. Bd2 Qe7 33. Bb4 Qg5 34. Bd2 f4
35. Bxg6 Bxg6 36. Qb2 Qf5 37. Bc3 Qc2 38. Qxc2 Bxc2 39. Rc1 Bd3 40. Ba1 Kf7 41.
Nd2 Kg6 42. Nb3 b6 43. Nd4 Rxa1 44. Rxa1 Rxd4 45. Red1 Bxe5 46. Ra3 Be2 47. Re1
Bxc4 48. Raa1 Kf5 49. Rab1 Rd5  0-1

[Event "19th 4NCL Congress"]
[Site "Telford"]
[Date "2018.07.14"]
[Round "2"]
[Board "13"]
[White "Verma, Shlok"]
[Black "Cukovs, Oleg"]
[Result "1/2-1/2"]
[WhiteElo "1638"]
[BlackElo "1883"]
[PlyCount "52"]
[EventDate "2018.07.13"]
[EventRounds "5"]
[EventCountry "ENG"]

1. d4 d5 2. c4 dxc4 3. Nc3 Nf6 4. e4 e5 5. d5 c6 6. Bxc4 b5 7. Bb3 b4 8. Nce2
Nxe4 9. Nf3 Qc7 10. Be3 Bc5 11. Bxc5 Nxc5 12. Rc1 Nxb3 13. Qxb3 Qd6 14. O-O Ba6
15. Rfe1 Bxe2 16. Rxe2 O-O 17. Rce1 cxd5 18. Rxe5 Nc6 19. Rxd5 Qf6 20. Rd3 Rfe8
21. Rxe8+ Rxe8 22. Re3 Rxe3 23. Qxe3 h6 24. Qd2 Qe6 25. b3 Qf6 26. h3 Qa1+
 1/2-1/2